| 000 | 00346nam a2200145Ia 4500 | ||
|---|---|---|---|
| 005 | 20251222144854.0 | ||
| 008 | 251222s9999||||xx |||||||||||||| ||spa|| | ||
| 020 | _a968-2410-22-3 | ||
| 082 | _a370.1/F38T | ||
| 100 | _aFermoso Estébanez, Paciano | ||
| 245 | 0 | _aTeoría de la Educación | |
| 250 | _a2a.ed. | ||
| 264 | _bTrillas | ||
| 942 | _cLIB | ||
| 999 |
_c21728 _d21728 |
||